00755nam a2200253 a 4500001001300000003000900013005001700022008004100039020002500080082001500105100001100120245007000131260003900201300000900240500003500249505001700284650002100301650002000322700001100342902000800353942000700361952011600368999001700484nice12345678IN_TiNIC20260116013624.0050524s1994 grea grp 000 0 eng  a1852301 c443.200a181.4bOSH aOsho,  aHeartbeat of the Absoluteb Discourses on the Ishavasya Upanishad aGreat BritainbElement Booksc1994 a321p aincludes index and biblioraphy2 aBibliography aPhilosophy-Hindu aOsho-Philosophy1 aOsho,  bSRS cBK 001040708StackRoom-aHMIbHMId2007-03-16g443.20l0o181.4 OSHp015838r2007-03-16v443.20w2005-05-24yBK c11692d11692